|
|
|
|
| LEADER |
00000nla2a2200000 4500 |
| 001 |
234354 |
| 005 |
20260130125535.0 |
| 035 |
|
|
|a (RuTPU)RU\TPU\book\255476
|
| 035 |
|
|
|a RU\TPU\book\255475
|
| 090 |
|
|
|a 234354
|
| 100 |
|
|
|a 20130322d2011 k y0rusy50 ca
|
| 101 |
0 |
|
|a rus
|
| 102 |
|
|
|a RU
|
| 135 |
|
|
|a drnn ---uucaa
|
| 181 |
|
0 |
|a i
|
| 182 |
|
0 |
|a b
|
| 200 |
1 |
|
|a Разработка комплексной медицинской системы для снятия ЭЭГ и ЭКГ
|f Д. С. Чебуренко, А. А. Уваров
|g науч. рук. В. Л. Ким ; Д. К. Авдеева
|
| 203 |
|
|
|a Текст
|c электронный
|
| 225 |
1 |
|
|a Системы и приборы медицинского назначения
|
| 300 |
|
|
|a Заглавие с титульного экрана
|
| 337 |
|
|
|a Adobe Reader
|
| 461 |
|
1 |
|0 (RuTPU)RU\TPU\book\255301
|t Современные техника и технологии
|o сборник трудов XVII международной научно-практической конференции студентов, аспирантов и молодых ученых, Томск, 18-22 апреля 2011 г
|o в 3 т.
|f Национальный исследовательский Томский политехнический университет (ТПУ)
|d 2011
|
| 463 |
|
1 |
|0 (RuTPU)RU\TPU\book\255307
|t Т. 2
|v [С. 83-84]
|d 2011
|
| 610 |
1 |
|
|a труды учёных ТПУ
|
| 610 |
1 |
|
|a электронный ресурс
|
| 610 |
1 |
|
|a разработка
|
| 610 |
1 |
|
|a медицинские системы
|
| 610 |
1 |
|
|a ЭКГ
|
| 610 |
1 |
|
|a ЭЭГ
|
| 700 |
|
1 |
|a Чебуренко
|b Д. С.
|c специалист в области информатики и вычислительной техники
|c аспирант Томского политехнического университета
|f 1988-
|g Денис Сергеевич
|3 (RuTPU)RU\TPU\pers\29601
|
| 701 |
|
1 |
|a Уваров
|b А. А.
|c российский учёный в области информационно-измерительной техники
|c техник Томского политехнического университета
|f 1988-
|g Александр Андреевич
|3 (RuTPU)RU\TPU\pers\30028
|
| 702 |
|
1 |
|a Ким
|b В. Л.
|c специалист в области информатики и вычислительной техники
|c профессор Томского политехнического университета, доктор технических наук
|f 1950-
|g Валерий Львович
|4 727
|
| 702 |
|
1 |
|a Авдеева
|b Д. К.
|c специалист в области неразрушающего контроля
|c профессор Томского политехнического университета, заведующий лабораторией медицинского приборостроения, доктор технических наук
|f 1943-
|g Диана Константиновна
|4 727
|
| 801 |
|
2 |
|a RU
|b 63413507
|c 20160627
|g RCR
|
| 856 |
4 |
|
|u http://www.lib.tpu.ru/fulltext/c/2011/C01/V02/039.pdf
|
| 942 |
|
|
|c CF
|